01637pam a2200337 a 4500001001000000003000300010005001700013008004100030020002500071020002200096040003000118082001700148100004800165245013100213250009800344260005300442300005400495500002500549500002400574504003100598650003500629653002200664655002400686700002900710942002100739999001700760952013000777952013100907952013001038952013101168015951167Uk20131204104407.0111014t2013 xxuac frb 001 0 eng|d a9780071318006 (pbk.) a0071318003 (pbk.) aStDuBDSbengcStDuBDSdUk04a004223bWIL1 aWilliams, Brian K., Stacey C.d1938-93452610aUsing information technology :ba practical introduction to computers & communications /cBrian K. Williams, Stacey C. Sawyer. a10th ed., Complete version, International student ed. /bBrian K. Williams, Stacey C. Sawyer. aNew York, United States :bMcGraw-Hill,cc.2013. axxvii, 576 p. :bcol. ill., col. ports. ;c28 cm. aPrevious ed. : 2011. aIndex : p. 563-576. aBibliography : p. 549-559. 0aInformation technology.934527 bBuscDecember2013 vreading book9342321 aSawyer, Stacey C.934528 2ddccBBk004 WIL c17780d17752 00102ddc40708BaccahaMAINbMAINcLOWd2013-12-03ePurchasel6m1o004 WILp000029667r2025-07-15 00:00:00s2014-12-02yNB 00102ddc40708BaccahaMAINbMAINcLOWd2013-12-04epurchasel5m23o004 WILp000029670r2025-07-15 00:00:00s2014-12-23yBB 00102ddc40708BaccahaMAINbMAINcLOWd2013-12-04epurchasel6m7o004 WILp000029671r2025-07-15 00:00:00s2015-10-03yBB 00102ddc40708BaccahaMAINbMAINcLOWd2013-12-04epurchasel5m20o004 WILp000029672r2025-07-15 00:00:00s2014-12-16yBB